00720nam a2200253Ia 4500008004100000020002200041050001600063050001400079100002200093245001400115245001700129245002200146250001600168260001600184260003400200260000900234300001600243300002000259300001100279500002000290650001500310999001900325952012200344180523s9999 xx 000 0 und d a978-981-06-9977-2 aMAIN HM 586 b.M33 2006 aMacionis, John J. 0aSociety : 4bthe basics / 0cJohn J. Macionis. a8th Edition aSingapore : bPearson Education South Asia, c2006 a525 pages : billustrations ; c25 cm. aIncludes index. aSociology. c357280d357280 001040aSMCbSMCcMAINd2008-01-09g198.00l0oMAIN HM 586 .M33 2006pSMC03750r2018-05-23 00:00:00w2018-05-23yBK